Life Expectancy Over or Under Average? - Statistics

General Stats
  • This quiz has been taken 37 times
  • The average score is 10 of 15
Answer Stats
Question Answer % Correct
Cape Verde? Over
90%
Lesotho? Under
90%
Cambodia? Under
90%
USA? Over
80%
Sri Lanka? Over
80%
Mauritius? Over
80%
India? Under
80%
Moldova? Under
80%
Armenia? Over
70%
Egypt? Under
70%
Russia? Under
60%
Iran? Over
50%
Mongolia? Under
30%
North Korea? Over
20%
Ukraine? Over
0%
No matching quizzes found
Score Distribution
Percent of People with Each Score
Percentile by Number Answered
Your Score History
You have not taken this quiz